Paroles - Une vie d'amour - Charles Aznavour - Statistiques

Statistiques générales
  • Ce quiz a été pris 7 fois
  • Le résultat moyen est 129 sur 176
Statistiques - réponses
Type de quiz Réponse % Correct
Couplet 1 | Couplet 2 a
100%
Couplet 3 À
100%
Couplet 5 à
100%
Couplet 1 | Couplet 2 | Refrain 2 d′amour
100%
Couplet 3 | Couplet 4 | Refrain 1 d'amour
100%
Couplet 1 | Couplet 2 le
100%
Couplet 1 | Couplet 2 l'on
100%
Couplet 1 | Couplet 2 | Couplet 4 | Refrain 1 Que
100%
Couplet 1 | Couplet 2 que
100%
Couplet 1 | Couplet 2 s′était
100%
Couplet 5 te
100%
Couplet 1 | Couplet 2 temps
100%
Couplet 3 | Couplet 5 un
100%
Refrain 1 Un
100%
Couplet 1 | Couplet 2 | Refrain 1 | Refrain 2 Une
100%
Couplet 1 | Couplet 2 | Refrain 1 | Refrain 2 vie
100%
Couplet 1 | Couplet 2 après
80%
Couplet 3 baiser
80%
Couplet 1 | Couplet 2 Blesse
80%
Couplet 3 | Couplet 4 | Refrain 1 de
80%
Couplet 4 De
80%
Refrain 1 des
80%
Couplet 6 Des
80%
Couplet 1 | Couplet 2 désarticulée
80%
Couplet 3 d′un
80%
Couplet 6 D'un
80%
Couplet 6 D′un
80%
Couplet 3 En
80%
Couplet 6 en
80%
Couplet 1 | Couplet 2 | Couplet 5 | Refrain 2 Et
80%
Couplet 1 | Couplet 2 Jour
80%
Couplet 1 | Couplet 2 jour
80%
Couplet 1 | Couplet 2 jurée
80%
Couplet 3 l'espace
80%
Couplet 1 | Couplet 2 mes
80%
Refrain 1 nuit
80%
Couplet 1 | Couplet 2 pensées
80%
Couplet 5 adieu
60%
Refrain 1 Allant
60%
Refrain 2 amour
60%
Refrain 2 an
60%
Couplet 5 au
60%
Couplet 6 aubes
60%
Couplet 6 Aux
60%
Refrain 2 Aveuglément
60%
Refrain 2 Bon
60%
Couplet 5 Car
60%
Couplet 6 chaleur
60%
Couplet 3 changé
60%
Refrain 1 chemin
60%
Refrain 1 clairs
60%
Couplet 3 | Couplet 4 cœurs
60%
Couplet 6 crépuscules
60%
Couplet 3 | Couplet 6 Dans
60%
Refrain 1 Déchirant
60%
Couplet 4 Dernier
60%
Refrain 2 dernier
60%
Couplet 4 désharmonisées
60%
Couplet 5 d'espoir
60%
Couplet 5 Dieu
60%
Couplet 5 | Refrain 2 encore
60%
Refrain 1 enfers
60%
Couplet 6 été
60%
Couplet 6 éternel
60%
Couplet 5 être
60%
Couplet 6 flamme
60%
Couplet 6 fleurs
60%
Couplet 5 fou
60%
Couplet 6 gris
60%
Couplet 6 immortel
60%
Couplet 5 Je
60%
Couplet 5 jurer
60%
Refrain 2 Jusqu′au
60%
Couplet 6 | Refrain 1 la
60%
Refrain 1 La
60%
Couplet 4 larmes
60%
Refrain 1 loin
60%
Couplet 3 mais
60%
Couplet 6 Mais
60%
Refrain 2 mal
60%
Couplet 5 m′en
60%
Couplet 6 meurt
60%
Refrain 2 Mon
60%
Couplet 3 | Couplet 4 mots
60%
Couplet 5 Ne
60%
Couplet 3 n′ont
60%
Couplet 3 | Couplet 4 | Refrain 1 nos
60%
Refrain 1 nuits
60%
Couplet 5 parler
60%
Couplet 5 peut
60%
Refrain 1 plus
60%
Couplet 5 Pour
60%
Refrain 2 pour
60%
Couplet 4 recours
60%
Couplet 5 remets
60%
Refrain 1 Remplie
60%
Couplet 3 restés
60%
Couplet 5 revoir
60%
Refrain 1 rires
60%
Refrain 2 s'aimer
60%
Refrain 1 seul
60%
Couplet 3 Sont
60%
Refrain 2 souffle
60%
Couplet 4 soulignées
60%
Couplet 3 sourds
60%
Couplet 6 survit
60%
Refrain 2 T'aimer
60%
Couplet 3 | Couplet 4 Tant
60%
Refrain 2 toujours
60%
Couplet 3 | Couplet 6 tout
60%
Couplet 6 Tout
60%
Couplet 6 va
60%
Couplet 4 criés
40%
Couplet 3 étouffés
40%
Couplet 4 joies
40%
Couplet 4 ont
40%
Couplet 3 sanglot
40%
Couplet 4 tremblés
40%
Aucun quiz correspondant
Distribution des résultats
% des personnes avec chaque résultat
Percentile par nombre de réponses
Votre historique - résultats
Vous n’avez pas pris ce quiz